Statistics for Top 200 Best Football Player's Colleges

Click here to take the quiz!

General Stats

  • This quiz has been taken 348 times
  • The average score is 140 of 196

Answer Stats

Player Alphabeticallycollege% Correct
Bart Starr | Derrick Thomas | Don Hutson | +5 othersUniversity of Alabama
97%
Joe GreeneNorth Texas University
96%
Bob Lilly | Ladainian Tomlinson | Sammy BaughTexas Christian University
96%
Michael StrahanTexas Southern University
96%
Charles Woodson | Dan Dierdorf | Elroy Hirsch | Tom BradyUniversity of Michigan
96%
Barry Sanders | Bobby Layne | Don Maynard | +2 othersUniversity of Texas
96%
Champ Bailey | Fran Tarkenton | Herschel Walker | +2 othersUniversity of Georgia
95%
Emmitt Smith | Jack YoungbloodUniversity of Florida
94%
Orlando PaceOhio Sate University
91%
Cris Carter | Jack Tatum | Paul WarfieldOhio State University
91%
Anthony Munoz | Bruce Matthews | Frank Gifford | +6 othersUniversity of Southern California
91%
Cortez Kennedy | Devin Hester | Ed Reed | +9 othersUniversity of Miami
90%
Johnathon Ogden | Troy AikmanUniversity of California Los Angeles
89%
Adrian Peterson | Lee roy Selmon | Tommy McdonaldUniversity of Oklahoma
88%
Jason Witten | Peyton Manning | Reggie WhiteUniversity of Tennessee
88%
Terrell OwensUniversity of Tennessee-Chattanooga
88%
Deion Sanders | Derrick Brooks | Fred Biletnikoff | Walter JonesFlorida State University
87%
Charles HaleyJames Madison Virginia University
85%
Alan Page | Dave Casper | Jerome Bettis | +2 othersNotre Dame University
85%
Ronde BarberUniversity of Virginia
85%
J.J. WattUniversity of Wisconsin
84%
Mike WebsterUniversity of Wisconsin-Madison
84%
Brett FavreMississippi University
83%
Ray GuySouthern Mississippi University
83%
Archie Manning | Eli ManningUniversity of Mississippi
83%
Jim Taylor | Kevin Mawae | Steve Van BurenLouisiana State University
82%
Rob GronkowskiUniversity of Arizona
82%
Aaron Rodgers | Tony GonzalezUniversity of California
82%
Bo Jackson | Kevin GreeneAuburn University
81%
Dan Fouts | Norm Van BrocklinUniversity of Oregon
81%
Aaron Donald | Chris Doleman | Curtis Martin | +6 othersUniversity of Pittsburgh
81%
Franco Harris | Jack Ham | Mike MunchakPennsylvania State University
80%
Lawrence TaylorUniversity of North Carolina
80%
Warren MoonUniversity of Washington
80%
Herb Adderley | Morten AndersenMichigan State University
79%
Thurman ThomasOklahoma State University
79%
Bruce Smith | Kam Chancellor | Michael VickVirginia Tech University
79%
Calvin JohnsonGeorgia Tech University
76%
Bob Griese | Drew Brees | Len Dawson | +2 othersPurdue University
74%
James Lofton | John ElwayStanford University
73%
Darrell Green | Gene Upshaw | John Randle | Steve LargentTexas A&M University
73%
Wes WelkerTexas Tech University
72%
Kurt WarnerUniversity of Northern Iowa
72%
Gale Sayers | John RigginsUniversity of Kansas
71%
Brian Dawkins | William PerryClemson University
69%
Art Monk | Donovan Mcnabb | Dwight Freeney | +4 othersSyracuse University
69%
Randall McdanielArizona State University
68%
Andre TippettUniversity of Iowa
68%
Dick LaneWestern Nebraska University
68%
Dick Butkus | Red GrangeUniversity of Illinois
67%
Pete PihosUniversity of Indiana
67%
Steve SmithUniversity of Utah
67%
Luke KuechlyBoston College
66%
Dan Hampton | Jimmy Johnson | Lance Alworth | Steve AtwaterUniversity of Arkansas
66%
Dermontti Dawson | George BlandaUniversity of Kentucky
66%
Bobby Bell | Bronko Nagurski | Leo NomelliniUniversity of Minnesota
63%
Deacon Jones | Jerry RiceMississippi Valley State University
62%
Roger StaubachNavy University
62%
Mel HeinWashington State University
62%
Randy WhiteUniversity of Maryland
60%
Randy MossMarshall University
59%
Sonny JurgensenDuke University
58%
Sam HuffWest Virginia University
56%
Mike SingletaryBaylor University
55%
Eric Dickerson | Forrest Gregg | Raymond BerrySouthern Methodist University
51%
Randall CunninghamUniversity of Nevada
49%
Johnny UnitasLouisville University
46%
Otto GrahamNorthwestern University
46%
Marshall FaulkSan Diego State University
46%
Brian UrlacherUniversity of New Mexico
43%
Aeneas Williams | Mel BlountSouthern University
42%
Terry Bradshaw | Willie RoafLouisiana Tech University
39%
Merlin OlsenUtah State University
37%
Steve YoungBrigham Young University
32%
Isaac BruceUniversity of Memphis
32%
Jason TaylorAkron University
24%
Jackie Slater | Walter PaytonJackson State University
22%
Demarcus WareTroy University
21%
Gino MarchettiUniversity of San Francisco
21%
Adam VinatieriSouth Dakota State University
20%
Jared AllenIdaho State University
18%
Howie LongVillanova University
15%
Jan StenerudMontana State University
13%
Sid LuckmanUniversity of Columbia
11%
Richard DentTennessee State University
9%
Chuck bednarikUniversity of Pennsylvania
9%
Shannon SharpeSavannah State University
8%
Antonio Gates | Jack LambertKentucky State University
6%
Andre ReedKutztown State University
6%
Jim ThorpeHaskell University
4%
Larry AllenButte College
3%
Willie LanierMorgan State University
3%
Jackie SmithNorthwestern State University
2%

Score Distribution

Percentile by Number Answered

Percent of People with Each Score

Your Score History

You have not taken this quiz